LEADER 00965nam--2200337---450- 001 990003242290203316 005 20090512120855.0 010 $a0-471-09110-3 035 $a000324229 035 $aUSA01000324229 035 $a(ALEPH)000324229USA01 035 $a000324229 100 $a20090512d1971----km-y0itay50------ba 101 $aeng 102 $aUS 105 $a||||||||001yy 200 1 $aGeneralized inverse matrices$fThomas L. Boullion and Patrick L. Odell 210 $aNew York$cWiley Interscience$d1971 215 $aX; 103 p.$d23 cm 606 0 $aMatrici (Matematica) 676 $a512.943 700 1$aBOULLION,$bThomas L.$0104328 701 1$aODELL,$bPatrick L.$012708 801 0$aIT$bsalbc$gISBD 912 $a990003242290203316 951 $a512.943 BOU$b6019/CBS$c512.943$d00220937 959 $aBK 969 $aSCI 979 $aRSIAV6$b90$c20090512$lUSA01$h1208 996 $aGeneralized inverse matrices$9332066 997 $aUNISA LEADER 01846oam 2200529 a 450 001 9910702223003321 005 20121105160301.0 035 $a(CKB)5470000002425921 035 $a(OCoLC)815975905 035 $a(EXLCZ)995470000002425921 100 $a20121105d1983 ua 0 101 0 $aeng 135 $aurbn||||||||| 181 $ctxt$2rdacontent 182 $cc$2rdamedia 183 $acr$2rdacarrier 200 10$aOn gravity from SST, geoid from SEASAT, and plate age and fracture zones in the Pacific$b[electronic resource] /$fby B. D. Marsh, J. G. Marsh, R. G. Williamson 210 1$a[Greenbelt, Md.] :$c[National Aeronautics and Space Administration, Goddard Space Flight Center],$d[1983] 215 $a1 online resource (38 pages) $cillustrations, maps 225 1 $a[NASA contractor report] ;$vNASA CR-170593 300 $aTitle from title screen (viewed on Nov. 5, 2012). 320 $aIncludes bibliographical references (pages 28-31). 606 $aGeochronology$2nasat 606 $aGeoids$2nasat 606 $aGeological faults$2nasat 606 $aGravity anomalies$2nasat 606 $aLithosphere$2nasat 606 $aPacific Ocean$2nasat 606 $aPlates (tectonics)$2nasat 615 7$aGeochronology. 615 7$aGeoids. 615 7$aGeological faults. 615 7$aGravity anomalies. 615 7$aLithosphere. 615 7$aPacific Ocean. 615 7$aPlates (tectonics) 700 $aMarsh$b Bruce D$01412710 701 $aMarsh$b J. G$01422387 701 $aWilliamson$b R. G$01422388 712 02$aGoddard Space Flight Center. 801 0$bGPO 801 1$bGPO 801 2$bGPO 906 $aBOOK 912 $a9910702223003321 996 $aOn gravity from SST, geoid from SEASAT, and plate age and fracture zones in the Pacific$93546565 997 $aUNINA LEADER 03421nam 2200721 450 001 9910825823703321 005 20231211151816.0 010 $a1-5261-3886-7 010 $a1-5261-2475-0 024 7 $a10.7765/9781526124753 035 $a(CKB)4100000005116406 035 $a(MiAaPQ)EBC5446725 035 $a(OCoLC)1100961720 035 $a(MdBmJHUP)muse77795 035 $a(StDuBDS)EDZ0002253193 035 $a(DE-B1597)660377 035 $a(DE-B1597)9781526124753 035 $a(EXLCZ)994100000005116406 100 $a20180510e20202018 fy| 0 101 0 $aeng 135 $aurcnu|||||||| 181 $ctxt$2rdacontent 182 $cc$2rdamedia 183 $acr$2rdacarrier 200 00$aSpain in the nineteenth century $enew essays on experiences of culture and society /$fedited by Andrew Ginger, Geraldine Lawless$b[electronic resource] 210 1$aManchester :$cManchester University Press,$d2020. 215 $a1 online resource (ix, 274 pages, 8 pages of plates) $cillustrations 225 1 $aInterventions. Rethinking the nineteenth century. 225 0 $aManchester scholarship online. 300 $aPreviously issued in print: 2018. 311 $a1-5261-2474-2 320 $aIncludes bibliographical references and index. 327 $aIntroduction: Andrew Ginger and Geraldine Lawless -- 1 How (not) to make a durable state / Natalia Sobrevilla Perea -- 2 How to be universal / Andrew Ginger -- 3 How to tell time / Geraldine Lawless -- 4 How to be religious under liberalism / Gregorio Alonso -- 5 How to prescribe a cure for the ills of art / Oscar Vázquez -- 6 How to know about right and wrong / Alison Sinclair -- 7 How to be a man / Collin McKinney -- 8 How to be a writer for the press - and how to write about it / Rhian Davies -- 9 How to be a cultural entrepreneur / Henriette Partzsch -- 10 How to be a man of letters / Raquel Sánchez -- 11 How to be an intellectual / Luis G. Martínez del Campo -- 12 How to live a colonial soldier?s life / Catherine Davies -- Index 330 8 $aConfronted by a complex new society, nineteenth-century Spaniards wrestled with how to envisage their lives. From trying to be universal through to acting as a cultural entrepreneur, this volume explores the possibilities and uncertainties that unfolded in their reconfigured world. 410 0$aInterventions: rethinking the nineteenth century (Series) 606 $aLITERARY CRITICISM / General$2bisacsh 607 $aSpain$xSocial conditions$y19th century 607 $aSpain$xIntellectual life$y19th century 610 $aHispanic culture. 610 $aHispanic politics. 610 $aSpanish writers. 610 $abackwardness. 610 $acultural elite. 610 $aethnography. 610 $agender identity. 610 $aintellectual elite. 610 $anarrative techniques. 610 $anineteenth-century Spain. 610 $apopular literature. 610 $aracial differences. 610 $areligious figures. 610 $arhetorical techniques. 610 $atemporal dilemmas. 615 7$aLITERARY CRITICISM / General. 676 $a306.0946 702 $aGinger$b Andrew$f1970- 702 $aLawless$b Geraldine$f1979- 801 0$bStDuBDS 801 1$bStDuBDS 906 $aBOOK 912 $a9910825823703321 996 $aSpain in the nineteenth century$94049311 997 $aUNINA